| 000 -NÁVESTIE |
| fixed length control field |
01810cam a2200529 a 4500 |
| 001 - EVIDENČNÉ ČÍSLO ZÁZNAMU - Kontrolné číslo |
| control field |
vtls010609150 |
| 005 - DÁTUM A ČAS POSLEDNEJ TRANSAKCIE |
| control field |
20221003073308.0 |
| 008 - ÚDAJE S PEVNOU DĹŽKOU – VŠEOBECNÉ INFORMÁCIE |
| fixed length control field |
180601s2014 xo o g 001 0 slo |
| 020 ## - MEDZINÁRODNÉ ŠTANDARDNÉ ČÍSLO KNIHY (ISBN) |
| Medzinárodné štandardné číslo knihy (ISBN) |
9788055611532 |
| Qualifying information |
(brož.) |
| 035 ## - Iný štandardný identifikátor |
| Iný štandardný identifikátor |
710960C0-9465-443B-96B7-AEBDD9E27009 |
| 035 ## - Iný štandardný identifikátor |
| Iný štandardný identifikátor |
urn:nbn:sk:snk-am3h5q1 |
| 035 ## - Iný štandardný identifikátor |
| Iný štandardný identifikátor |
urn:nbn:sk:snk-am008z17 |
| 040 ## - ZDROJ KATALOGIZÁCIE |
| Pôvodná katalogizujúca agentúra |
SVKBB |
| Jazyk katalogizácie |
slo |
| Prepisujúca agentúra |
SVKBB |
| Modifikujúca agentúra |
SNK |
| Konvencie popisu |
AACR2 |
| 041 1# - KÓD JAZYKA |
| Kód jazyka textu/zvukovej stopy alebo samostatných nápisov |
slo |
| Kód jazyka originálu a/alebo sprostredkujúcich prekladov textu |
eng |
| 044 ## - KÓD KRAJINY VYDAVATEĽA/PRODUCENTA |
| Kód krajiny MARC |
xo |
| Kód krajiny ISO |
SK |
| 072 #7 - KÓD PREDMETOVEJ KATEGÓRIE |
| Kód predmetovej kategórie |
159.96 |
| Pododdiel kódu predmetovej kategórie |
Zvláštne duševné stavy a procesy |
| Zdroj |
konspekt |
| 080 ## - ČÍSLO MEDZINÁRODNÉHO DESATINNÉHO TRIEDENIA (MDT) |
| Číslo Medzinárodného desatinného triedenia (MDT) |
2-167.2 |
| Identifikátor vydania |
2001 |
| 080 ## - ČÍSLO MEDZINÁRODNÉHO DESATINNÉHO TRIEDENIA (MDT) |
| Číslo Medzinárodného desatinného triedenia (MDT) |
159.96 |
| Identifikátor vydania |
2001 |
| 080 ## - ČÍSLO MEDZINÁRODNÉHO DESATINNÉHO TRIEDENIA (MDT) |
| Číslo Medzinárodného desatinného triedenia (MDT) |
615.851 |
| Identifikátor vydania |
2001 |
| 080 ## - ČÍSLO MEDZINÁRODNÉHO DESATINNÉHO TRIEDENIA (MDT) |
| Číslo Medzinárodného desatinného triedenia (MDT) |
133.4+2-545/-547 |
| Identifikátor vydania |
2001 |
| 080 ## - ČÍSLO MEDZINÁRODNÉHO DESATINNÉHO TRIEDENIA (MDT) |
| Číslo Medzinárodného desatinného triedenia (MDT) |
(0:82-32) |
| Identifikátor vydania |
2001 |
| 080 ## - ČÍSLO MEDZINÁRODNÉHO DESATINNÉHO TRIEDENIA (MDT) |
| Číslo Medzinárodného desatinného triedenia (MDT) |
(0.062) |
| Identifikátor vydania |
2001 |
| 080 ## - ČÍSLO MEDZINÁRODNÉHO DESATINNÉHO TRIEDENIA (MDT) |
| Číslo Medzinárodného desatinného triedenia (MDT) |
133.3 |
| Identifikátor vydania |
2001 |
| 100 1# - OSOBNÉ MENÁ – VŠEOBECNÉ INFORMÁCIE |
| Osobné meno |
Newcomb, Jacky |
| -- |
3330 |
| 240 10 - UNIFIKOVANÝ NÁZOV |
| Unifikovaný názov |
Angel Blessings |
| Jazyk diela |
Slovensky |
| 245 10 - NÁZOV |
| Názov |
Anjelské požehnania |
| Zvyšok názvu |
magické príbehy, afirmácie a tvorivé nápady |
| Údaj o zodpovednosti atď. |
Jacky Newcomb ; [z anglického originálu ... preložila Zora Ličková] |
| 250 ## - ÚDAJ O PORADÍ VYDANIA |
| Údaj o poradí vydania |
1. slov. vyd. |
| 260 ## - VYDAVATEĽSKÉ ÚDAJE, DISTRIBÚCIA ATĎ. |
| Miesto publikovania, distribúcie atď. |
Bratislava |
| Názov vydavateľa, distibútora atď. |
Slovart |
| Dátum publikovania, distribúcie atď. |
2014 |
| 300 ## - FYZICKÝ POPIS |
| Rozsah |
208 s. |
| Ďalšie fyzické detaily |
fotogr. |
| Rozmery |
23 cm |
| 650 07 - PRIDANÝ VSTUP – PREDMET – TEMATICKÉ HESLO |
| Tematické heslo alebo geografický názov ako vstupný prvok |
anjeli |
| Zdroj hesla alebo termínu |
SNKPH |
| -- |
2492 |
| 650 07 - PRIDANÝ VSTUP – PREDMET – TEMATICKÉ HESLO |
| Tematické heslo alebo geografický názov ako vstupný prvok |
mimozmyslové vnímanie |
| Zdroj hesla alebo termínu |
SNKPH |
| -- |
2146 |
| 650 07 - PRIDANÝ VSTUP – PREDMET – TEMATICKÉ HESLO |
| Tematické heslo alebo geografický názov ako vstupný prvok |
Angels |
| Zdroj hesla alebo termínu |
SNKPHeng |
| -- |
3331 |
| 650 07 - PRIDANÝ VSTUP – PREDMET – TEMATICKÉ HESLO |
| Tematické heslo alebo geografický názov ako vstupný prvok |
Extrasensual perception |
| Zdroj hesla alebo termínu |
SNKPHeng |
| -- |
2147 |
| 650 07 - PRIDANÝ VSTUP – PREDMET – TEMATICKÉ HESLO |
| Tematické heslo alebo geografický názov ako vstupný prvok |
channeling |
| Zdroj hesla alebo termínu |
SNKPH |
| -- |
3332 |
| 650 07 - PRIDANÝ VSTUP – PREDMET – TEMATICKÉ HESLO |
| Tematické heslo alebo geografický názov ako vstupný prvok |
uzdravovanie |
| Zdroj hesla alebo termínu |
SNKPH |
| -- |
3333 |
| 650 07 - PRIDANÝ VSTUP – PREDMET – TEMATICKÉ HESLO |
| Tematické heslo alebo geografický názov ako vstupný prvok |
Healing |
| Zdroj hesla alebo termínu |
SNKPHeng |
| -- |
1879 |
| 650 07 - PRIDANÝ VSTUP – PREDMET – TEMATICKÉ HESLO |
| Tematické heslo alebo geografický názov ako vstupný prvok |
magické rituály |
| Zdroj hesla alebo termínu |
SNKPH |
| -- |
3334 |
| 650 07 - PRIDANÝ VSTUP – PREDMET – TEMATICKÉ HESLO |
| Tematické heslo alebo geografický názov ako vstupný prvok |
Magical rituals |
| Zdroj hesla alebo termínu |
SNKPHeng |
| -- |
3335 |
| 655 #7 - INDEXAČNÝ TERMÍN – ŽÁNER/FORMA |
| Údaje o žánri/forme alebo termín, ktorý je prvok fazety |
príbehy |
| Zdroj termínu |
SNKPH |
| -- |
2455 |
| 655 #7 - INDEXAČNÝ TERMÍN – ŽÁNER/FORMA |
| Údaje o žánri/forme alebo termín, ktorý je prvok fazety |
populárno-náučné publikácie |
| Zdroj termínu |
SNKPH |
| -- |
1486 |
| 655 #7 - INDEXAČNÝ TERMÍN – ŽÁNER/FORMA |
| Údaje o žánri/forme alebo termín, ktorý je prvok fazety |
Stories |
| Zdroj termínu |
SNKPHeng |
| -- |
1706 |
| 655 #7 - INDEXAČNÝ TERMÍN – ŽÁNER/FORMA |
| Údaje o žánri/forme alebo termín, ktorý je prvok fazety |
Popular works |
| Zdroj termínu |
SNKPHeng |
| -- |
1487 |
| 700 1# - PRIDANÝ VSTUP – OSOBNÉ MENO |
| Osobné meno |
Ličková, Zora, |
| Dátumy súvisiace s menom |
1959- |
| Kód roly |
trl |
| -- |
3336 |
| 958 ## - Formálny deskriptor |
| Formálny deskriptor |
NT |
| 958 ## - Formálny deskriptor |
| Formálny deskriptor |
OP |